किरातहरको भाषिक अधिकार सरकारी नीति र हाम्रो संघर्ष (Record no. 92313)
[ view plain ]
| 000 -LEADER | |
|---|---|
| fixed length control field | 00699nam a22002057a 4500 |
| 008 - FIXED-LENGTH DATA ELEMENTS--GENERAL INFORMATION | |
| fixed length control field | 200203b xxu||||| |||| 00| 0 eng d |
| 020 ## - INTERNATIONAL STANDARD BOOK NUMBER | |
| International Standard Book Number | 99933-921-1-1 |
| 041 ## - LANGUAGE CODE | |
| Language code of text/sound track or separate title | Nep. |
| 082 ## - DEWEY DECIMAL CLASSIFICATION NUMBER | |
| Classification number | N495.51/R279k |
| 100 ## - MAIN ENTRY--PERSONAL NAME | |
| Personal name | Rai, Tanka Bahadur |
| 9 (RLIN) | 25483 |
| 241 ## - ROMANIZED TITLE (BK AM CF MP MU VM) | |
| Romanized title | Kiratharuko bhasik adhikar, sarkari niti ra hamro sangharsa |
| 245 ## - TITLE STATEMENT | |
| Title | किरातहरको भाषिक अधिकार सरकारी नीति र हाम्रो संघर्ष |
| 260 ## - PUBLICATION, DISTRIBUTION, ETC. | |
| Place of publication, distribution, etc. | Lalitpur: |
| Name of publisher, distributor, etc. | Uttar Kumar Chamling Rai, |
| Date of publication, distribution, etc. | 2062B.S. |
| 300 ## - PHYSICAL DESCRIPTION | |
| Extent | 120p. |
| 504 ## - BIBLIOGRAPHY, ETC. NOTE | |
| Bibliography, etc. note | Bibliography.p.116-120. |
| 650 ## - SUBJECT ADDED ENTRY--TOPICAL TERM | |
| Topical term or geographic name entry element | Language |
| 650 ## - SUBJECT ADDED ENTRY--TOPICAL TERM | |
| Topical term or geographic name entry element | Nepali language |
| 653 ## - INDEX TERM--UNCONTROLLED | |
| Uncontrolled term | Kirat language |
| 942 ## - ADDED ENTRY ELEMENTS (KOHA) | |
| Source of classification or shelving scheme | Dewey Decimal Classification |
| Koha item type | ISBN |
| Withdrawn status | Lost status | Source of classification or shelving scheme | Damaged status | Not for loan | Home library | Current library | Date acquired | Total Checkouts | Full call number | Barcode | Date last seen | Price effective from | Koha item type |
|---|---|---|---|---|---|---|---|---|---|---|---|---|---|
| Dewey Decimal Classification | Tribhuvan University Central Library | Tribhuvan University Central Library | 02/03/2020 | N495.51/R279r | IS4092 | 02/03/2020 | 02/03/2020 | ISBN |
